000 05220njm a2200517Ia 4500
001 97981
003 IT-RoPAU
005 20220918181115.0
008 131025s9999 xx 000 0 und d
040 _aIT-RoPAU
040 _cIT-RoPAU
999 _c99313
_d99313
999 _bn.d.
100 _aAA.VV.
_9794
100 _eAutore musica
_927733
100 _gCodice autore musica SPICS: 12000
_9796
245 _aDon Byas
250 _a2a ed.
260 _aMILANO
260 _bRUSCONI
_c1991 [1a Ed.:0]
300 _aCOMPACT DISC
300 _c71 minuti (Testo: 0 pag.)
500 _aMusica jazz. Cd fuori commercio allegato al n. 8-9 1991 della rivista "Musica jazz". Brani di autori vari.
505 _aSouth [(New York, 11 novembre 1940) (3:00)] - Stardust [(New York, maggio 1941) (7:00)] - Broadway [(New York, 7 ottobre 1941) (4:00)] - Royal Garden Blues [(Los Angeles, 24 luglio 1942) (4:00)] - These Foolish Things [(New York, 29 settembre 1944) (3:00)] - Rosetta [(New York, 7 dicembre 1944) (6:00)] - Seventh Avenue [(New York, 4 gennaio 1945) (3:00)] - Something For You [(New York, 9 gennaio 1945) (3:00)] - Be Bop [(New York, 9 gennaio 1945) (4:00)] - Pennies From Heaven [(New York, 23 gennaio 1945) (4:00)] - Indiana [(New York, 9 giugno 1945) (6:00)] - Harvard/Blues [(New York, 30 agosto 1945) (4:00)] - Super Session [(New York, 12 settembre 1945) (3:00)] - Humoresque [(New York, 1 novembre 1945) (3:00)] - For European Only [(Copenaghen, 15 settembre 1946) (4:00)] - Laura [(Parigi, 27 gennaio 1947) (4:00)] - St. Germain Des Pres [(Parigi, 14 aprile 1950) (4:00)] - How High the Moon [(Amburgo, 10 giugno 1950) (7:00)] - N.M.E. (4:00)
511 _aPage Oran: tr; Barefiels Eddie: cl, alto; Stovall Don: alto; Byas Don: ten; Johnson Pete: p; Collins John: chit; Bolar Abe: cb; Godley A.G.: batt; Hot Lips Page and His Band
511 _aGillespie Dizzy: tr; Byas Don: ten; Fenton Nick: cb; Clarke Kenny oppure West Doc: batt; Jam Session
511 _aLewis Ed: tr; Clayton Buck: tr; Edison Harry: tr; Killian Al: tr; Wells Dicky: trne; Scott Buster: trne; Robinson Eli: trne; Warren Earle: alto; Smith Tab: alto; Byas Don: ten; Tate Buddy: ten; Washington Jack: bar; Basie Count: p; Green Freddie: chit; Page Walter: cb; Jones Jo: batt; Count Basie and His Orchestra
511 _aClayton Buch: tr; Byas Don: ten; Basie Count: p; Green Freddie: chit; Page Walter: cb; Jones Jo: batt; Count Basie and His All-American Rhythm Section
511 _aPage Hot Lips: tr; Bostic Earl: alto; Hammond Butch: alto; Byas Don: ten; Hart Clyde: p; Lucas Al: cb; Parker Jack: batt; Don Byas With Hot Lips Page Orchestra
511 _aShavers Charlie: tr; Young Trummy: trne; Caceres Ernie: cl; Byas Don: ten; Clifton Bill: p; Ellis Herb: chit; Haggart Bob: cb; Powell Specs: batt; V-Disc All Stars
511 _aGillespie Dizzy: tr; Young Trummy: trne, voc; Parker Charlie: alto; Byas Don: ten; Hart Clyde: p; Bryan Mike: chit; Hall Al: cb; Powell Specs: batt; Trummy Young's All Stars
511 _aGillespie Dizzy: tr; Coleman Bill: tr; Harris Benny: tr; Young Trummy: trne; Dickenson Vic: trne; Bothwell Johnny: alto; Byas Don: ten; Chaloff Serge: bar; Hart Clyde: p; Casey Al: chit; Pettiford Oscar: cb; Manne Shelly: batt; Oscar Pettiford and His 18 All Stars
511 _aGillespie Dizzy: tr; Byas Don: ten; Hart Clyde: p; Pettiford Oscar: cb; Manne Shelly: batt; Dizzy Gillespie Quintet
511 _aThomas Joe: tr; Byas Don: ten; Guarnieri Johnny: p; Taylor Billy: cb; Cole Cozy: batt; Don Byas and His Orchestra
511 _aByas Don: ten; Garner Erroll: p; Stewart Slam: cb
511 _aByas Don: ten; Garner Erroll: p; Stewart Slam: cb; West Doc: batt; Don Byas Quartet
511 _aByas Don: ten; Garnieri Johnny: p; Hall Al: cb; Catlett Sidney: batt; Don Byas Quartet
511 _aByas Don: ten; Garner Erroll: p; Stewart Slam: cb; West Doc: batt; Slam Stewart Quartet
511 _aWilliams Bob: tr; Jeffries Alan: tr; Holland Peanuts: tr; Jackson Quentin: trne; Glenn Tyree: trne; Carman Jackie: trne; Redman Don: alto; Haughton Chauncey: alto; Clark Pete: alto; Byas Don: ten; Abrams Ray: ten; Taylor Billy: p; Sturgis Ted: cb; Oliver Buford: batt; Don Redman and His Orchestra
511 _aHolland Peanuts: tr; Byas Don: ten; Taylor Billy: p; Tilchè Jean Jacques: chit; Bouchety Jean: cb; Oliver Buford: batt; Don Byas Re-Boppers
511 _aBaker Harold: tr; Jackson Quentin: trne; Hodges Johnny: alto; Byas Don: ten; Fol Raymond: p; Marshall Wendell: cb; Greer Sonny: batt; Johnny Hodges and His Orchestra
511 _aBaker Harold: tr; Killian Al: tr; Williams Nelson: tr; Royal Ernie: tr; Nance Ray: tr; Brown Lawrence: trne; Jackson Quentin: trne; Kelly Theodore: trne; Hodges Johnny: alto; Procope Russell: alto, cl; Byas Don: ten; Hamilton Jimmy: cl, ten; Carney Harry: bar, cl; Ellington Duke: p; Marshall Wendell: cb; Greer Sonny: batt; Ballard Butch: batt; Duke Ellington and His Orchestra
511 _aByas Don: ten; Williams Mary Lou: p; Pochonet Gerard: cb; Banks Buddy: batt
650 _aJAZZ [COMPACT DISC]
_eCodice MATERIA SPICS: 9949
_911822
700 _aByas Don
_gCodice interprete SPICS: 16429
_eInterprete
_927734
942 _cCD
_2ddc